Consumer behavior / (Record no. 523836)

000 -LEADER
fixed length control field 01402cam a2200361 i 4500
001 - CONTROL NUMBER
control field 20025712
003 - CONTROL NUMBER IDENTIFIER
control field NUST
005 - DATE AND TIME OF LATEST TRANSACTION
control field 20190529115554.0
008 - FIXED-LENGTH DATA ELEMENTS--GENERAL INFORMATION
fixed length control field 170922s2019 nyu b 001 0 eng
010 ## - LIBRARY OF CONGRESS CONTROL NUMBER
LC control number 2017037515
020 ## - INTERNATIONAL STANDARD BOOK NUMBER
International Standard Book Number 9780134734828
038 ## - RECORD CONTENT LICENSOR
Staff Name azhar
040 ## - CATALOGING SOURCE
Original cataloging agency DLC
Language of cataloging eng
Transcribing agency DLC
Description conventions rda
Modifying agency DLC
042 ## - AUTHENTICATION CODE
Authentication code pcc
050 00 - LIBRARY OF CONGRESS CALL NUMBER
Classification number HF5415.32
Item number .S35 2019
082 00 - DEWEY DECIMAL CLASSIFICATION NUMBER
Classification number 658.8/342
Edition number 23
100 1# - MAIN ENTRY--PERSONAL NAME
Personal name Schiffman, Leon G.,
Relator term author.
9 (RLIN) 14620
245 10 - TITLE STATEMENT
Title Consumer behavior /
Statement of responsibility, etc. Leon G. Schiffman, Professor Emeritus of Marketing and E-Commerce, Peter J. Tobin College of Business, St. John's University, New York City, Joe Wisenblit, Professor of Marketing, Stillman School of Business, Seton Hall University, New Jersey.
250 ## - EDITION STATEMENT
Edition statement Twelfth edition.
264 #1 - PRODUCTION, PUBLICATION, DISTRIBUTION, MANUFACTURE, AND COPYRIGHT NOTICE
Place of production, publication, distribution, manufacture New York, NY :
Name of producer, publisher, distributor, manufacturer Pearson,
Date of production, publication, distribution, manufacture, or copyright notice [2019]
264 #4 - PRODUCTION, PUBLICATION, DISTRIBUTION, MANUFACTURE, AND COPYRIGHT NOTICE
Place of production, publication, distribution, manufacture ©2015
300 ## - PHYSICAL DESCRIPTION
Extent xxix, 478 pages ;
Dimensions 29 cm
336 ## - CONTENT TYPE
Content type term text
Content type code txt
Source rdacontent
337 ## - MEDIA TYPE
Media type term unmediated
Media type code n
Source rdamedia
338 ## - CARRIER TYPE
Carrier type term volume
Carrier type code nc
Source rdacarrier
504 ## - BIBLIOGRAPHY, ETC. NOTE
Bibliography, etc. note Includes bibliographical references (pages 405-431) and index.
650 #0 - SUBJECT ADDED ENTRY--TOPICAL TERM
Topical term or geographic name entry element Consumer behavior.
9 (RLIN) 14621
650 #0 - SUBJECT ADDED ENTRY--TOPICAL TERM
Topical term or geographic name entry element Motivation research (Marketing)
9 (RLIN) 14622
700 1# - ADDED ENTRY--PERSONAL NAME
Personal name Wisenblit, Joseph,
Relator term author.
9 (RLIN) 14623
906 ## - LOCAL DATA ELEMENT F, LDF (RLIN)
a 7
b cbc
c orignew
d 1
e ecip
f 20
g y-gencatlg
942 ## - ADDED ENTRY ELEMENTS (KOHA)
Source of classification or shelving scheme
Koha item type Book
Holdings
Withdrawn status Lost status Source of classification or shelving scheme Damaged status Not for loan Permanent Location Current Location Shelving location Date acquired Total Checkouts Full call number Barcode Date last seen Date last checked out Price effective from Koha item type
          Central Library (CL) Central Library (CL) Management Sciences 05/29/2019 2 658.8/342 SCH CL-73 12/24/2025 08/05/2025 05/29/2019 Book
© 2023 Central Library, National University of Sciences and Technology. All Rights Reserved.